| Record ID | ia:RegionalIn_00_Isar |
| Source | Internet Archive |
| Download MARC XML | https://archive.org/download/RegionalIn_00_Isar/RegionalIn_00_Isar_marc.xml |
| Download MARC binary | https://www.archive.org/download/RegionalIn_00_Isar/RegionalIn_00_Isar_meta.mrc |
LEADER: 02887cam 2200757 4500
001 ocm00145934
003 OCoLC
005 20171103152135.0
008 710621s1971 mau bs 001 0 eng
010 $a 72137471
040 $aDLC$beng$cDLC$dUKM$dUBA$dLVB$dBAKER$dBTCTA$dSTF$dAU@$dZWZ$dDEBBG$dYDXCP$dOCLCQ$dBDX$dGBVCP$dUKMGB$dOCLCF$dOCLCO$dOCLCQ$dCSJ
015 $aGB7123192$2bnb
016 7 $a001822615$2Uk
016 7 $a026-20901$2Uk
019 $a16191238
020 $a0262090139
020 $a9780262090131
035 $a(OCoLC)145934$z(OCoLC)16191238
043 $an-us-pa
050 00 $aHC108.P5$bI8
082 00 $a339.2/3/0974811$218
084 $aQI 300$2rvk
084 $a83.03$2bcl
084 $a83.64$2bcl
088 $a72137471
100 1 $aIsard, Walter.
245 10 $aRegional input-output study:$brecollections, reflections, and diverse notes on the Philadelphia experience$c[by] Walter Isard and Thomas W. Langford.
260 $aCambridge, Mass.,$bMIT Press$c[1971]
300 $axvii, 228 pages$c24 cm.
336 $atext$btxt$2rdacontent
337 $aunmediated$bn$2rdamedia
338 $avolume$bnc$2rdacarrier
490 1 $aThe Regional science studies series,$v10
504 $aIncludes bibliographical references (page x).
651 0 $aPhiladelphia (Pa.)$xEconomic conditions.
650 0 $aInput-output tables$zPennsylvania$zPhiladelphia.
650 6 $aTableaux input-output$zPennsylvanie$zPhiladelphie.
651 6 $aPhiladelphie (Penns.)$xConditions e conomiques.
650 7 $aEconomic history.$2fast$0(OCoLC)fst00901974
650 7 $aInput-output tables.$2fast$0(OCoLC)fst00973791
651 7 $aPennsylvania$zPhiladelphia.$2fast$0(OCoLC)fst01204170
650 07 $aInput-Output-Analyse.$0(DE-588)4027105-5$2gnd
650 07 $aRegionalpolitik.$0(DE-588)4049043-9$2gnd
650 7 $aMacroeconomia.$2larpcal
651 7 $aPhiladelphie (Pa ; re gion)$xConditions e conomiques.$2ram
650 07 $aInput-output-Analyse.$2swd
650 07 $aRegionalpolitik.$2swd
650 4 $aTableaux input-output$xPennsylvanie$xPhiladelphie.
653 $aEconomics$aInput-output analysis Study regions: Philadelphia, 1959
700 1 $aLangford, Thomas W.,$eauthor.
830 0 $aRegional science studies series ;$v10.
938 $aBaker & Taylor$bBKTY$c30.00$d30.00$i0262090139$n0007473871$sactive
938 $aBrodart$bBROD$n24233218$c$30.00
938 $aBaker and Taylor$bBTCP$nBK0007473871
938 $aYBP Library Services$bYANK$n3470893
029 1 $aAU@$b000000602450
029 1 $aAU@$b000023919564
029 1 $aDEBBG$bBV003100162
029 1 $aDEBSZ$b004682505
029 1 $aGBVCP$b022220755
029 1 $aHEBIS$b074434802
029 1 $aHR0$b0262090139
029 1 $aNZ1$b2624482
029 1 $aZWZ$b014369311
994 $aZ0$bPMR
948 $hNO HOLDINGS IN PMR - 433 OTHER HOLDINGS